000 00333nam a22001457a 4500
008 210429b ||||| |||| 00| 0 eng d
020 _a9780816026593
041 _aeng
080 _a030
082 _a030
100 _a23
101 _aENC
245 _aThe Encyclopedia of Earthquakes & Volcanoes
_cRitchie,D
942 _2udc
_cBK
999 _c57014
_d57014